Statistics for Game of Thrones Season 2 Trivia

Click here to take the quiz!

General Stats

  • This quiz has been taken 820 times
  • The average score is 11 of 18

Answer Stats

QuestionAnswer% Correct
What relation is Gilly to Craster?Daughter/Wife
97%
Who sacks Winterfell with less than 30 men?Theon Greyjoy
92%
Who saves Sansa from being raped in the Riot of King's Landing?Sandor Clegane
90%
For who does Arya Stark serve as cupbearer at Harrenhal?Tywin Lannister
89%
What substance does Tyrion use to destroy Stannis' Fleet at the Blackwater?Wildfire
82%
Who is named as Hand of the King in Episode 1?Tyrion Lannister
79%
Who is accused for murdering Renly Baratheon?Brienne of Tarth
77%
Who saves Tyrion's life at the Battle of the Blackwater?Podrick Payne
71%
To which noble family is Princess Myrcella Baratheon betrothed to?Martell
69%
Which member of the Small Council does Tyrion have arrested for spying on him for Cersei?Pycelle
68%
What city is ruled by "The Thirteen", and is the place where Dany spends most of her time this season?Qarth
65%
Where do the Night's Watch take refuge when they go on the "Great Ranging"?Craster's Keep
58%
Who does Robb Stark Marry, thus breaking a marriage pact with the Freys?Talisa Maegyr
58%
Which member of the Night's Watch does Jon Snow kill in order to earn their trust?Qhorin Halfhand
39%
Who does Arya Stark initially name as the third man to receive the "Gift of Death"?Jaqen H'ghar
36%
Who arranges the marriage of Joffrey and Margaery?Petyr Baelish
33%
What is the name of the warlock that is killed by Daenery's dragons in the House of the Undying?Pyat Pree
26%
Who tries to poison Melisandre at one of Stannis' councils?Maester Cressen
16%

Score Distribution

Percentile by Number Answered

Percent of People with Each Score

Your Score History

You have not taken this quiz